| 000 | 02314cam a2200601 a 4500 | ||
|---|---|---|---|
| 001 | 84659 | ||
| 005 | 20230410115523.0 | ||
| 008 | 930211s1993 nyua bs 001 0 eng | ||
| 010 | _a 93016551 | ||
| 035 | _a(OCoLC)ocm27727562 | ||
| 040 |
_aDLC _cDLC _dOCL _dUBA _dBAKER _dNLGGC _dBTCTA _dLVB _dYDXCP _dOCLCG |
||
| 020 | _a0875463045 (alk. paper) | ||
| 020 | _a9780875463049 (alk. paper) | ||
| 020 | _a0875463053 (pbk. : alk. paper) | ||
| 020 | _a9780875463056 (pbk. : alk. paper) | ||
| 029 | 1 |
_aNLGGC _b105102326 |
|
| 029 | 1 |
_aYDXCP _b921095 |
|
| 029 | 1 |
_aYDXCP _b921094 |
|
| 029 | 1 |
_aNZ1 _b4271557 |
|
| 029 | 1 |
_aAU@ _b000009906790 |
|
| 035 | _a(OCoLC)27727562 | ||
| 043 | _an-us--- | ||
| 050 | 1 | 4 |
_aHD4903.5.U58 _bT66 1993 |
| 082 | 0 | 0 |
_a331.13/3/0973 _220 |
| 084 |
_a85.65 _2bcl |
||
| 100 | 1 |
_aTomaskovic-Devey, Donald, _d1957- |
|
| 245 | 1 | 0 |
_aGender & racial inequality at work : _bthe sources and consequences of job segregation / _cDonald Tomaskovic-Devey. |
| 260 |
_aIthaca, N.Y. : _bILR Press, _cc1993. |
||
| 300 |
_axi, 212 p. : _bill. ; _c23 cm. |
||
| 440 | 0 |
_aCornell studies in industrial and labor relations ; _vno. 27 |
|
| 504 | _aIncludes bibliographical references (p. [196]-205) and index. | ||
| 650 | 0 |
_aDiscrimination in employment _zUnited States. |
|
| 650 | 0 |
_aSex discrimination in employment _zUnited States. |
|
| 650 | 7 |
_aDISCRIMINAðCäAO RACIAL _zESTADOS UNIDOS _2larpcal |
|
| 650 | 7 |
_aDISCRIMINAðCäAO SEXUAL _zESTADOS UNIDOS _2larpcal |
|
| 650 | 7 |
_aTRABALHADOR _zESTADOS UNIDOS _2larpcal |
|
| 650 | 7 |
_aTRABALHO FEMININO _zESTADOS UNIDOS _2larpcal |
|
| 650 | 7 |
_aMULHER _zESTADOS UNIDOS _2larpcal |
|
| 650 | 7 |
_aNEGROS _zESTADOS UNIDOS _2larpcal |
|
| 650 | 1 | 7 |
_aDiscriminatie. _2gtt |
| 650 | 1 | 7 |
_aVrouwen. _2gtt |
| 650 | 1 | 7 |
_aNegers. _2gtt |
| 650 | 1 | 7 |
_aWerknemers. _2gtt |
| 650 | 6 |
_aDiscrimination dans l'emploi _zâEtats-Unis. |
|
| 650 | 6 |
_aDiscrimination sexuelle dans l'emploi _zâEtats-Unis. |
|
| 740 | 0 | 1 | _aGender and racial inequality at work. |
| 938 |
_aBaker & Taylor _bBKTY _c38.00 _d38.00 _i0875463045 _n0002255364 _sactive |
||
| 938 |
_aBaker and Taylor _bBTCP _n93016551 //r93 |
||
| 938 |
_aYBP Library Services _bYANK _n921095 |
||
| 938 |
_aBaker & Taylor _bBKTY _c23.95 _d23.95 _i0875463053 _n0002284285 _sactive |
||
| 942 |
_2lcc _cbk |
||
| 994 |
_aC0 _bDRFGD |
||
| 999 |
_c42849 _d42849 |
||